Central Library OPAC University of Rajshahi

The children we teach : (Record no. 49981)

MARC details
000 -LEADER
fixed length control field 00707nam a2200241 a 4500
001 - CONTROL NUMBER
control field 49981
003 - CONTROL NUMBER IDENTIFIER
rucl marc code BD-RjUL
005 - DATE AND TIME OF LATEST TRANSACTION
control field 20211209075435.0
008 - FIXED-LENGTH DATA ELEMENTS--GENERAL INFORMATION
fixed length control field 160823s1952 enk b 00110 eng d
035 ## - SYSTEM CONTROL NUMBER
System control number (BD-RjUL)50101
040 ## - CATALOGING SOURCE
Original cataloging agency BD-RjUL
Transcribing agency XCC
Language of cataloging eng
Modifying agency BD-RjUL
041 ## - LANGUAGE CODE
Language code of text/sound track or separate title eng
082 0# - DEWEY DECIMAL CLASSIFICATION NUMBER
Classification number 370.15
Edition number 19
Author mark and year ISC 1952
100 1# - MAIN ENTRY--PERSONAL NAME
Personal name Isaacs, Susan
9 (RLIN) 149533
245 14 - TITLE STATEMENT
Title The children we teach :
Remainder of title seven to eleven years /
Statement of responsibility, etc. Susan Isaacs.
260 ## - PUBLICATION, DISTRIBUTION, ETC. (IMPRINT)
Place of publication, distribution, etc. London :
Name of publisher, distributor, etc. University of London Press,
Date of publication, distribution, etc. [1952]
300 ## - PHYSICAL DESCRIPTION
Pagination 176 p. ;
Size 19 cm.
500 ## - GENERAL NOTE
General note Includes index.
504 ## - BIBLIOGRAPHY, ETC. NOTE
Bibliography, etc Bibliography: p. 174-175.
650 #0 - SUBJECT ADDED ENTRY--TOPICAL TERM
Topical term or geographic name as entry element Child psychology.
9 (RLIN) 124587
Topical term or geographic name as entry element Educational psychology.
9 (RLIN) 149789
942 ## - ADDED ENTRY ELEMENTS (KOHA)
Source of classification or shelving scheme Dewey Decimal Classification
Koha item type Books
Holdings
Lost status Source of classification or shelving scheme Damaged status Not for loan Collection code Permanent Location Current Location Shelving location Date acquired Source of acquisition Cost, normal purchase price Total Checkouts Full call number Date last seen Copy number Koha item type
  Dewey Decimal Classification     Non-fiction Central Library, University of Rajshahi Central Library, University of Rajshahi   09/11/1955 Pak. co-p book society 3.00   370.15 ISC 1952 23/08/2016 C-2 Books
  Dewey Decimal Classification     Non-fiction Central Library, University of Rajshahi Central Library, University of Rajshahi   09/11/1955 Pak. co-p book society 3.00   370.15 ISC 1952 23/08/2016 C-3 Books
  Dewey Decimal Classification     Non-fiction Central Library, University of Rajshahi Central Library, University of Rajshahi   09/11/1955 Pak. co-p book society 3.00   370.15 ISC 1952 23/08/2016 C-4 Books
  Dewey Decimal Classification     Non-fiction Central Library, University of Rajshahi Central Library, University of Rajshahi   21/02/1955 Mullich book, Dacca 3.00   370.15 ISC 1952 23/08/2016 C-5 Books